Statistics for Burnley FC 2018-2019 Squad

Click here to take the quiz!

General Stats

  • This quiz has been taken 96 times
    (91 since last reset)
  • The average score is 17 of 27

Answer Stats

PositionKit NumberNationalityAnswer% Correct
GK#29EnglandNick Pope
94%
FOR#11New ZealandChris Wood
92%
GK#1EnglandTom Heaton
92%
FOR#10AustriaAshley Barnes
90%
DEF#6EnglandBen Mee
85%
DEF#5EnglandJames Tarkowski
79%
ManagerN/AEnglandSean Dyche
79%
GK#20EnglandJoe Hart
75%
FOR#27Czech RepublicMatej Vydra
75%
MID#4EnglandJack Cork
73%
MID#7IcelandJohann Berg Gudmundsson
71%
FOR#9WalesSam Vokes
71%
MID#16BelgiumSteven Defour
71%
MID#13IrelandJeff Hendrick
69%
DEF#2EnglandMatthew Lowton
69%
DEF#3EnglandCharlie Taylor
67%
MID#18EnglandAshley Westwood
58%
MID#12IrelandRobbie Brady
58%
DEF#23IrelandStephen Ward
58%
DEF#26ScotlandPhil Bardsley
56%
DEF#28IrelandKevin Long
52%
FOR#31EnglandDwight McNeil
50%
MID#25EnglandAaron Lennon
38%
GK#22DenmarkAnders Lindegaard
35%
DEF#14EnglandBen Gibson
35%
GK#30EnglandAdam Legzdins
15%
FOR#32EnglandDaniel Agyei
13%

Score Distribution

Percentile by Number Answered

Percent of People with Each Score

Your Score History

You have not taken this quiz since the last reset